00401 2200145 4500001002100000008004100021035002000062245004900082100001800131260003400149300001400183082001600197650002900213990001300242INLIS000000000000492 ind  a0010-0322000492 aLEGENDA & DONGENG NUSANTARA SI LANCANGcIKHA aPUPUT MUGIATI aSURABAYAbPRIMA JAYA SURABAYA ahlm.ccm. a398.395 981 aCERITA RAKYAT - SUMATERA a102743-1